000 00394nam a2200169Ia 4500
005 20250423101458.0
008 250422s9999 xx 000 0 und d
020 _a9781250300072
050 _aPT9877.22.O94 L68/
100 _aLövestam, Sara
245 4 _aThe truth behind the lie
260 _aNew York
260 _b Minotaur Books
260 _c2019
300 _a278 p
942 _cBK
999 _c36407
_d36407